[Event "CZE-ch U14"]
[Site "Kouty nad Desnou"]
[Date "2015.03.10"]
[Round "5"]
[White "Pelnar, Jan"]
[Black "Vraj, Karel"]
[Result "1/2-1/2"]
[WhiteElo "1691"]
[BlackElo "1680"]
[PlyCount "47"]
[EventDate "2015.03.07"]
[EventType "swiss"]
[EventRounds "9"]
[EventCountry "CZE"]
[SourceTitle "EXT 2017"]
[Source "ChessBase"]
[SourceDate "2016.10.25"]
[SourceVersion "1"]
[SourceVersionDate "2016.10.25"]
[SourceQuality "1"]

1. e4 c5 2. Nf3 d6 3. d4 cxd4 4. Nxd4 Nf6 5. Nc3 g6 6. Be3 Bg7 7. f3 Nc6 8. Qd2 0-0 9. Bc4 Bd7 10. 0-0-0 a6 11. Kb1 b5 12. Nxc6 Bxc6 13. Bd5 b4 14. Ne2 Bxd5 15. exd5 a5 16. h4 a4 17. Bh6 b3 18. Bxg7 Kxg7 19. g4 Qa5 20. Qxa5 bxc2+ 21. Kxc2 Rxa5 22. Nc3 Rc8 23. Kb1 Rcc5 24. Rhe1 1/2-1/2

[Event "CZE-ch U14"]
[Site "Kouty nad Desnou"]
[Date "2015.03.10"]
[Round "4"]
[White "Pulpan, Matej"]
[Black "Pelnar, Jan"]
[Result "1-0"]
[WhiteElo "1817"]
[BlackElo "1691"]
[PlyCount "128"]
[EventDate "2015.03.07"]
[EventType "swiss"]
[EventRounds "9"]
[EventCountry "CZE"]
[SourceTitle "EXT 2017"]
[Source "ChessBase"]
[SourceDate "2016.10.25"]
[SourceVersion "1"]
[SourceVersionDate "2016.10.25"]
[SourceQuality "1"]

1. d4 Nf6 2. Nf3 e6 3. g3 d5 4. Bg2 Nbd7 5. 0-0 b6 6. c3 Bb7 7. Nbd2 Be7 8. b3 c5 9. Ba3 0-0 10. e3 Rc8 11. Rc1 cxd4 12. Bxe7 Qxe7 13. exd4 Rc7 14. Qe2 Rfc8 15. Qd3 Ne4 16. c4 Nxd2 17. Nxd2 dxc4 18. bxc4 Bxg2 19. Kxg2 Nf6 20. Rfe1 Qd6 21. Nf3 b5 22. c5 Qc6 23. Kg1 a6 24. Rcd1 Rd8 25. Ne5 Qd5 26. Qa3 Ra8 27. Qa5 Raa7 28. a4 bxa4 29. Qxa4 h6 30. Rb1 Nd7 31. Rb6 Nxe5 32. Rxe5 Qd7 33. Qc2 Rc8 34. Qc4 Rc6 35. d5 exd5 36. Rb8+ Rc8 37. Rxc8+ Qxc8 38. Rxd5 Rc7 39. Qd3 Rxc5 40. Rd8+ Qxd8 41. Qxd8+ Kh7 42. Qd3+ g6 43. Qxa6 Rf5 44. Qc8 Kg7 45. Qe8 Rc5 46. Qe3 Rf5 47. f4 Rd5 48. Kf2 h5 49. Qc3+ Kg8 50. Kf3 Rf5 51. Ke4 Kh7 52. Qc4 Kg7 53. Qd4+ Kg8 54. Qc4 Kg7 55. Qc3+ Kh7 56. Qc8 Ra5 57. Qd7 Kg7 58. h3 h4 59. g4 g5 60. Qd4+ Kh7 61. fxg5 Rxg5 62. Qf6 Rg6 63. Qxf7+ Kh6 64. Qf8+ Kh7 1-0

[Event "CZE-ch U14"]
[Site "Kouty nad Desnou"]
[Date "2015.03.08"]
[Round "2"]
[White "Filip, Tomas"]
[Black "Pelnar, Jan"]
[Result "0-1"]
[WhiteElo "1710"]
[BlackElo "1691"]
[PlyCount "52"]
[EventDate "2015.03.07"]
[EventType "swiss"]
[EventRounds "9"]
[EventCountry "CZE"]
[SourceTitle "EXT 2017"]
[Source "ChessBase"]
[SourceDate "2016.10.25"]
[SourceVersion "1"]
[SourceVersionDate "2016.10.25"]
[SourceQuality "1"]

1. e4 c5 2. Nf3 d6 3. d4 cxd4 4. Nxd4 Nf6 5. Nc3 g6 6. Be3 Bg7 7. f3 0-0 8. Qd2 Nc6 9. Bc4 Bd7 10. Bb3 Ne5 11. 0-0-0 Rc8 12. h4 Nc4 13. Bxc4 Rxc4 14. h5 Qa5 15. hxg6 hxg6 16. Bh6 Nxe4 17. Nxe4 Qxa2 18. c3 Bxd4 19. Bxf8 Ba4 20. b3 Qxb3 21. Qb2 Be3+ 22. Rd2 Bxd2+ 23. Nxd2 Rxc3+ 24. Kb1 Qxb2+ 25. Kxb2 Rc2+ 26. Ka3 Kxf8 0-1

[Event "CZE-ch U10"]
[Site "Kouty nad Desnou"]
[Date "2010.03.11"]
[Round "7"]
[White "Novak, Martin"]
[Black "Pelnar, Jan"]
[Result "1-0"]
[WhiteElo "1255"]
[BlackElo "1100"]
[PlyCount "103"]
[EventDate "2010.03.06"]
[EventType "swiss"]
[EventRounds "9"]
[EventCountry "CZE"]
[SourceTitle "EXT 2012"]
[Source "ChessBase"]
[SourceDate "2011.11.24"]
[SourceVersion "1"]
[SourceVersionDate "2011.11.24"]
[SourceQuality "1"]

1. e4 e5 2. Nf3 Nc6 3. d4 exd4 4. Nxd4 Nf6 5. Nc3 Bb4 6. Nxc6 bxc6 7. Bd3 0-0 8. 0-0 d6 9. Bg5 h6 10. Bh4 Re8 11. Re1 Be6 12. Qf3 Bd7 13. Bxf6 Qxf6 14. Qxf6 gxf6 15. a3 Bc5 16. Rad1 Bd4 17. Bc4 Bxc3 18. bxc3 Rab8 19. Rb1 c5 20. f3 Be6 21. Bb3 Bxb3 22. Rxb3 Rxb3 23. cxb3 Rb8 24. b4 c4 25. Rd1 Rb6 26. Kf2 Ra6 27. Ra1 Kf8 28. Ke3 Ke7 29. Kd4 Ke6 30. Kxc4 Rc6+ 31. Kd4 h5 32. h4 a6 33. a4 Rb6 34. Rg1 Rb8 35. g4 Rg8 36. c4 c6 37. c5 Kd7 38. Ke3 Ke6 39. Kf4 Rg7 40. Rd1 d5 41. exd5+ cxd5 42. c6 Kd6 43. Rc1 Rg8 44. b5 f5 45. c7 Kd7 46. c8Q+ Rxc8 47. Rxc8 Kxc8 48. gxh5 d4 49. h6 d3 50. Ke3 f4+ 51. Kxd3 Kc7 52. bxa6 1-0

[Event "CZE-ch U10"]
[Site "Kouty nad Desnou"]
[Date "2010.03.08"]
[Round "3"]
[White "Pelnar, Jan"]
[Black "Jurasek, Vojtech"]
[Result "1-0"]
[WhiteElo "1100"]
[BlackElo "1000"]
[PlyCount "81"]
[EventDate "2010.03.06"]
[EventType "swiss"]
[EventRounds "9"]
[EventCountry "CZE"]
[SourceTitle "EXT 2012"]
[Source "ChessBase"]
[SourceDate "2011.11.24"]
[SourceVersion "1"]
[SourceVersionDate "2011.11.24"]
[SourceQuality "1"]

1. e4 c5 2. Nf3 Nc6 3. Bc4 e6 4. d3 d5 5. exd5 exd5 6. Bb3 Nf6 7. 0-0 Be7 8. Nc3 0-0 9. Bg5 Bg4 10. h3 Bh5 11. Re1 Re8 12. Bxf6 Bxf6 13. Rxe8+ Qxe8 14. Nxd5 Bxb2 15. Rb1 Be5 16. Bc4 Nd4 17. g4 Nxf3+ 18. Qxf3 Bg6 19. Rxb7 Bd6 20. Qe3 Qxe3 21. fxe3 h6 22. e4 a5 23. Rb6 Bf8 24. Rb7 Bd6 25. Kg2 h5 26. Kf3 f6 27. Nc7+ Kh7 28. Nxa8 Be5 29. Rb5 Bd4 30. Rxa5 h4 31. Rb5 Kh6 32. Nc7 Bh7 33. a4 g6 34. a5 f5 35. a6 fxg4+ 36. Kxg4 g5 37. a7 Bg6 38. Rb6 Be5 39. a8Q Kg7 40. Qg8+ Kh6 41. Qxg6# 1-0